CO SPRZEDAJE SIĘ JAKO SUPLEMENTY DIETY? - Statystyki

Ogólne statystyki
  • Ten quiz został rozwiązany 42 razy
  • Średni wynik to 2 z 6
Statystyki odpowiedzi
Odpowiedź % Poprawnych
BIAŁKO
74%
WITAMINY
52%
MAGNEZ
48%
WAPŃ
29%
ŻELAZO
29%
TRAN
16%
Nie znaleziono quizów pasujących do podanych kryteriów
Rozkład punktacji
Procent ludzi z każdym wynikiem
Percentyl według liczby udzielonych odpowiedzi
Twoja historia wyników
Nie rozwiązałeś tego quizu